Sociálna závislosť: riziká a možnosti riešenia z pohľadu sociálnej práce

Typológia sociálnej závislosti. Štádiá sociálnej závislosti. Koncept riešenia problému sociálnej závislosti v kontexte sociálnej práce ako profesie.

Guardado en:
Detalles Bibliográficos
Autor principal: Jusko, Peter
Formato: Capítulo de libro
Lenguaje:eslovaco
Materias:
Etiquetas: Agregar Etiqueta
Sin Etiquetas, Sea el primero en etiquetar este registro!

MARC

LEADER 00000naa a2200000 4500
001 r048444
005 20230913072502.9
041 0 |a slo 
044 |a CZ 
245 1 0 |a Sociálna závislosť: riziká a možnosti riešenia z pohľadu sociálnej práce  |c Peter Jusko 
520 |a Typológia sociálnej závislosti. Štádiá sociálnej závislosti. Koncept riešenia problému sociálnej závislosti v kontexte sociálnej práce ako profesie. 
610 2 0 |a závislosť sociálna 
610 2 0 |a práca sociálna 
610 2 0 |a typológia 
610 2 0 |a pomoc sociálna 
610 2 0 |a pojmy 
100 1 |a Jusko, Peter